000 00381nam a2200145Ia 4500
008 230917s9999||||xx |||||||||||||| ||und||
040 _e8896
_aMAIN
041 _aEnglish
082 _a327.51 B264C
100 _aBarnett, A Doak
245 0 _aChina and the major power in East Asia
260 _aWashington DC
_bBrookings Institution
_c1977
300 _ax, 416 p.
942 _cBK
999 _c222210
_d222210